000 00286 a2200121 4500
001 65521
040 _cAnchieta - Pituba
240 1 0 _a2ª Avaliação de Redação, 6º ano
_lpor
245 1 0 _a2ª Avaliação de Redação, 6º ano
362 0 _a2018
650 4 _aRedação
942 _cBK
999 _c65521
_d65521